Pokémon - Les attaques de Colimucus - Statistiques

Statistiques générales
  • Ce quiz a été pris 17 fois
  • Le résultat moyen est 9 sur 13
Statistiques - réponses
Niveaux Types Noms des attaques % Correct
Niveau 30 Eau Danse Pluie
100%
Niveau 35 Dragon Draco-Choc
100%
Départ Dragon Draco-Souffle
100%
Niveau 25 Eau Vibraqua
100%
Départ Normal Charge
83%
Départ Plante Vol-Vie
83%
Départ Évolution Poison Bombe Acide
67%
Niveau 43 Spectre Malédiction
67%
Départ Eau Pistolet à O
67%
Niveau 56 Eau Ocroupi
50%
Niveau 15 Normal Abri
17%
Niveau 20 Normal Gigotage
17%
Niveau 49 Normal Plaquage
17%
Aucun quiz correspondant
Distribution des résultats
% des personnes avec chaque résultat
Percentile par nombre de réponses
Votre historique - résultats
Vous n’avez pas pris ce quiz